| 000 | 00548cam a22002051 4500 | ||
|---|---|---|---|
| 001 | af 48001959 | ||
| 003 | DLC | ||
| 005 | 20260227110852.0 | ||
| 008 | 890502s1944 gw 000 0 ger c | ||
| 010 | _aaf 48001959 | ||
| 035 | _a(OCoLC)19644402 | ||
| 040 |
_aIllinois. Univ. Library _cCU _dDLC |
||
| 042 | _apremarc | ||
| 050 | 0 | 0 |
_aPT2621.O789 _bI5 |
| 082 | _a838.91 | ||
| 100 | 1 |
_aKorn, Karl, _d1908-1991. |
|
| 245 | 1 | 0 |
_aIn der Stille, _bGedanken und Betrachtungen. |
| 260 |
_aBerlin-Schildow, _bE. Sicker _c[1944] |
||
| 300 |
_a158 p. _c19 cm. |
||
| 999 |
_c4799 _d4799 |
||